[Event "RUS Cup U09 Girls final"]
[Site "Bryansk"]
[Date "2019.01.06"]
[Round "3"]
[White "Leonova, Arina"]
[Black "Korneva, Elizaveta"]
[Result "1/2-1/2"]
[WhiteElo "1167"]
[BlackElo "1341"]
[PlyCount "82"]
[EventDate "2019.01.04"]
[EventType "swiss"]
[EventRounds "7"]
[EventCountry "RUS"]
[SourceTitle "EXT 2021"]
[Source "ChessBase"]
[SourceDate "2020.10.23"]
[SourceVersion "1"]
[SourceVersionDate "2020.10.23"]
[SourceQuality "1"]

1. e4 e6 2. d4 d5 3. exd5 exd5 4. Nf3 c6 5. c4 dxc4 6. Bxc4 Nf6 7. 0-0 Be7 8. Re1 0-0 9. h3 Nbd7 10. Nc3 Nb6 11. Bb3 Bb4 12. a3 Bxc3 13. bxc3 Bf5 14. Bg5 Qd6 15. Bxf6 Qxf6 16. Ne5 Qd6 17. c4 c5 18. Qf3 Bg6 19. dxc5 Qxc5 20. Nxg6 hxg6 21. Qe3 Qxe3 22. Rxe3 Rac8 23. Re7 Nxc4 24. Bxc4 Rxc4 25. Rxb7 a5 26. Ra7 Ra4 27. Rb1 Rxa3 28. Rb5 Ra1+ 29. Kh2 Ra2 30. Kg3 Rd8 31. Rbxa5 Rd3+ 32. f3 Rxa5 33. Rxa5 Rd6 34. h4 Kh7 35. h5 gxh5 36. Rxh5+ Kg6 37. Rc5 Rf6 38. Kg4 Kh6 39. Rh5+ Kg6 40. Rg5+ Kh6 41. Rh5+ Kg6 1/2-1/2